000 00688nam a22002297a 4500
003 UA-OsUOA
001 86699
007 ta
008 20120910b un ||||| |||| 00| 0 ukr d
100 _aПолитов З. Н.
090 _a94(477).093
_bП50
942 _cBK
040 _aUA-OsUOA
_brus
_cUA-OsUOA
_dUA-OsUOA
245 _aСекретарь подпольного обкома
_bо Герое Советского Союза Н. И. Сташкове
300 _a152 с.
955 _a4
041 _arus
080 _a94(477).093
260 _aМ.
_bПолитиздат
_c1978
650 7 _a9 Географія. Біографії. Історія
_2UDC
999 _c372846
_d372846